00925nam a22002777a 450000100040000000500170000402000180002104000230003905000230006208200140008510000310009924500520013025000470018226000350022930000240026450500080028852001340029652100200043052100200045065000350047065000360050565000230054165000320056465000260059665000250062269320241017095304.0 a9780545626224 aDLCcDLCdDLCbeng00aPZ7.P3117bRe 201200a[Fic]2231 aPeacock, Carol Antoinette.10aRed thread sisters /cCarol Antoinette Peacock. aFirst Scholastic printing, September 2013  aNew York :bScholastic.c2013. a236 pages ;c20 cm. aM  aAfter an American family adopts eleven-year-old Wen from a Chinese orphanage, she vows to find a family for her best friend, too. a700 bLexile  aM bRaz-Plus  1aInterracial adoptionvFiction. 1aIntercountry adoptionvFiction. 1aAdoptionvFiction. 1aChinese AmericansvFiction. 1aFamily lifevFiction. 1aFriendshipvFiction.